Geography Quiz

Random Geography or City Quiz

7- and 8-letter Asian Capitals Quiz Stats

Quiz not verified by Sporcle

Challenge
Share
Tweet
Score 0/15 Timer 03:00
0 Plays Today
% Correct
Beijing
94.6%
New Delhi
94.6%
Jakarta
91.3%
Bangkok
89.2%
Baghdad
86.3%
Bishkek
85.9%
Damascus
85.9%
Abu Dhabi
83.4%
% Correct
Tbilisi
80.5%
Yerevan
79.3%
Tashkent
78.4%
Thimphu
78%
Ramallah
75.9%
Dushanbe
73.9%
Ashgabat
71.4%

You're not logged in!

Compare scores with friends on all Sporcle quizzes.
Join for Free
OR
Log In

You Might Also Like...

Show Comments

Extras

Top Quizzes Today


Score Distribution

Your Account Isn't Verified!

In order to create a playlist on Sporcle, you need to verify the email address you used during registration. Go to your Sporcle Settings to finish the process.

Report this User

Report this user for behavior that violates our Community Guidelines.

Details: